LIBRARY & INFORMATION CENTRE, KCAET, TAVANUR

ONLINE PUBLIC ACCESS CATALOGUE (OPAC)

Normal view MARC view
  • Transport theory

Entry Topical Term

Number of records used in: 1

001 - CONTROL NUMBER

  • control field: 5215

003 - CONTROL NUMBER IDENTIFIER

  • control field: OSt

005 - DATE AND TIME OF LATEST TRANSACTION

  • control field: 20220618115055.0

008 - FIXED-LENGTH DATA ELEMENTS

  • fixed length control field: 220618|| aca||aabn | a|a d

040 ## - CATALOGING SOURCE

  • Original cataloging agency: OSt
  • Transcribing agency: OSt

150 ## - HEADING--TOPICAL TERM

  • Topical term or geographic name as entry element: Transport theory

670 ## - SOURCE DATA FOUND

  • Source citation: Work cat.: (OSt)14206: Saravacos, George D.,, Transport properties of foods /, c2001.
free website counter